Ciudad a provincia - Castilla y León - Estadísticas

Estadísticas generales
  • Esta prueba ha sido intentada 358 veces
  • La puntuación promedio es 11 de 18
Estadísticas de respuestas
Hint Respuesta % Correcto
Ponferrada León
91%
Miranda de Ebro Burgos
83%
Toro Zamora
83%
Aranda de Duero Burgos
80%
Béjar Salamanca
78%
Santa Marta de Tormes Salamanca
77%
Real Sitio de San Ildefonso Segovia
75%
Benavente Zamora
71%
Laguna de Duero Valladolid
67%
Arroyo de la Encomienda Valladolid
61%
El Burgo de Osma Soria
56%
El Espinar Segovia
55%
Villaquilambre León
50%
San Andrés del Rabanedo León
49%
Guardo Palencia
49%
Peñalba de Santiago León
33%
Bonilla de la Sierra Ávila
32%
Ampudia Palencia
32%
No se encontraron pruebas coincidentes
Distribución de puntuación
Porcentaje de gente con cada puntuación
Porcentaje por número respondido
Historial de tus puntuaciones
No has intentado esta prueba.